• 首页
  • 本馆介绍
  • 公告通知
  • 最新文献
  • 馆藏检索
  • 电子资源
  • 读者导购
  • 参考咨询
  • 我的图书馆
  • 登录
  • 详细信息显示
  • 放入我的书架
  • 预约/预借图书
  • 作者相关作品
  • 分类相关作品
  • 丛书相关作品
  • 出版社相关作品

书目信息

  • 表格格式
  • 工作单格式
  • 卡片格式
题名:
安然于行的幸福
    
 
作者: 布拉德福德 著 ;王怡康 译
分册:  
出版信息: 北京   北京时代华文书局  2015
页数: 283页
开本: 21cm
丛书名:
单 册:
中图分类: B82-49
科图分类:
主题词: 女性--幸福--通俗读物
电子资源:
ISBN: 978-7-5699-0286-0
000 01815nam0 2200265 450
001 012001001387
005 20180925090905.46
010    @a978-7-5699-0286-0@dCNY38.00
100    @a20151126d2015 em y0chiy50 ea
101 1  @achi@ceng
102    @aCN@b110000
105    @ay z 000yy
106    @ar
200 1  @a安然于行的幸福@9an ran yu xing de xing fu@f(美)梅丽莎·道尔顿·布拉德福德著@dGlobal mom@fMelissa Dalton-Bradford@g王怡康译@zeng
210    @a北京@c北京时代华文书局@d2015
215    @a283页@d21cm
314    @a梅丽莎·道尔顿·布拉德福德(Melissa Dalton-Bradford),是一位作家、独立学者、世界公民,也是一位母亲。她持有美国杨百翰大学德语系的文学学士学位证书和比较文学的文学硕士学位证书。她精通德语、法语和挪威语,也熟悉中文。她在大学里教授语言、人文学科和写作课程。布拉德福德女士同时也是专业的女高音独唱家和演员,曾在美国、斯堪的纳维亚、中欧、东南亚地区表演过节目。她和家人在维也纳、中国香港、纽约、奥斯陆、巴黎、慕尼黑、新加坡、日内瓦等地居住过。
330    @a《安然于行的幸福》则告诉我们,家是全人类共同的信仰。因为丈夫工作的关系,美国作家梅丽莎·布拉德福德带着年幼的孩子,踏上一段离奇的全球之旅,从大都市纽约到北极光之国挪威,从不夜城巴黎到高速公路之城慕尼黑,继而南下到东南亚,最后在阿尔卑斯山的山巅(日内瓦)结束行程。每一个新环境都是一种挑战。他们面临重重障碍:语言、文化、生活习惯的不同;朋友圈的改变;儿童受教育方式的变化,等等。不断变动的生活,并没有让这个家庭变得浮躁、仓促,相反,他们学会了爱这个错综复杂、五彩缤纷的世界,最重要的是互相关爱。二十年四处漂泊的生活,让梅丽莎懂得了“一个人无法拥有全部,所以,我们选择拥有彼此”。
510 1  @aGlobal mom@zeng
606 0  @a女性@x幸福@j通俗读物
690    @aB82-49@v5
701  1 @c(美)@a布拉德福德@9bu la de fu de@c(Bradford, Melissa Dalton)@4著
702  0 @a王怡康@9wang yi kang@4译
801  0 @aCN@b上海新华@c20180901
905    @b1043596-600@dB82-49@e1122@f5
    
    安然于行的幸福/(美)梅丽莎·道尔顿·布拉德福德著=Global mom/Melissa Dalton-Bradford/王怡康译.-北京:北京时代华文书局,2015
    283页;21cm
    
    
    ISBN 978-7-5699-0286-0:CNY38.00
    《安然于行的幸福》则告诉我们,家是全人类共同的信仰。因为丈夫工作的关系,美国作家梅丽莎·布拉德福德带着年幼的孩子,踏上一段离奇的全球之旅,从大都市纽约到北极光之国挪威,从不夜城巴黎到高速公路之城慕尼黑,继而南下到东南亚,最后在阿尔卑斯山的山巅(日内瓦)结束行程。每一个新环境都是一种挑战。他们面临重重障碍:语言、文化、生活习惯的不同;朋友圈的改变;儿童受教育方式的变化,等等。不断变动的生活,并没有让这个家庭变得浮躁、仓促,相反,他们学会了爱这个错综复杂、五彩缤纷的世界,最重要的是互相关爱。二十年四处漂泊的生活,让梅丽莎懂得了“一个人无法拥有全部,所以,我们选择拥有彼此”。
●
相关链接 在E读中查询图书 在五车中查询图书 在当当中查询图书 在豆瓣中查询图书


正题名:安然于行的幸福     索取号:B82-49/1122         预约/预借

序号 登录号 条形码 馆藏地/架位号 状态 备注
1 1043596   210435965   第一样本阅览室/ [索取号:B82-49/1122] 在馆    
2 1043597   210435974   第一借阅区/ [索取号:B82-49/1122] 在馆    
3 1043598   210435983   第一借阅区/ [索取号:B82-49/1122] 在馆    
4 1043599   210435992   第一借阅区/ [索取号:B82-49/1122] 在馆    
5 1043600   210436009   第一借阅区/ [索取号:B82-49/1122] 在馆    
唐山师范学院图书馆 欢迎您!
大连网信软件有限公司© 版权所有